00363nam a2200145Ia 450000500170000000800460001703700120006304000210007504100130009608400220010910000190013124500110015026000470016130000090020820250508151456.0008 250505s9999 xx 000 0 eng d aTextual aFEDL bengcFEDL aeng2eng a821.47, MILqFEDL aTillyard E M W 0aMilton aLondon, UKbLongmans, Green and Co. c1952 a54p.